A linda história de uma família no tempo de Dona Maria I (Record no. 45954)

MARC details
000 -Etiqueta do registo
Valores 00670cam a22002171 4500
100 ## - Dados gerais de processamento
Dados gerais 19931218d1944 m y0pory5003 ba
101 0# - Língua de publicação
Língua por
102 ## - País de publicação
País PT
200 1# - Titulo e menção de responsabilidade
Título próprio A linda história de uma família no tempo de Dona Maria I
Primeira menção de responsabilidade Virgínia de Castro e Almeida
210 #9 - Publicação
Local de publicação Lisboa
Nome do editor Edições S.P.N.,
Data de publicação 1944
215 ## - Descrição física 
Paginação / Volumes 13, [1] p.
Dimensões 24 cm
225 2# - Colecção 
Título próprio da colecção Pátria
Indicação de volume 40
675 ## - CDU
Notação 821.134.3-34
700 #1 - Autor principal
Apelido Almeida,
Nome Virgínia de Castro e,
Datas 1874-1945
801 #0 - Fonte de origem
País PT
Agência BN
Regras de catalogação RPC
856 40 - Localização e acesso electrónico 
URL <a href="https://purl.pt/39932">https://purl.pt/39932</a>
856 41 - Localização e acesso electrónico 
URL <a href="https://purl.pt/39932/service/media/cover/low">https://purl.pt/39932/service/media/cover/low</a>
856 49 - Localização e acesso electrónico 
URL <a href="https://purl.pt/39932/service/media/pdf">https://purl.pt/39932/service/media/pdf</a>
990 ## - Elementos KOHA
Tipo de documento Livro
Holdings
Aquisição Empréstimo Código de barras Cota Permissão de empréstimo Tipo de documento
Biblioteca Municipal de Redondo Biblioteca Municipal de Redondo ALM 821.134.3-34 ALM   Livro
Biblioteca Municipal de Redondo Biblioteca Municipal de Redondo 057135 821.134.3-3 ALM   Livro
Biblioteca Municipal de Redondo Biblioteca Municipal de Redondo 057136 821.134.3 .3 ALM   Livro

Powered by Koha